Fr. Conceicao Rodrigues College of Engineering

Encryption:Protecting your data (Record no. 29456)

MARC details
000 -LEADER
fixed length control field 00356nam a2200157Ia 4500
082 ## - DEWEY DECIMAL CLASSIFICATION NUMBER
Classification number 005.82/FAD
Item number FAD
100 ## - MAIN ENTRY--PERSONAL NAME
Personal name Fadia/Ankit
245 ## - TITLE STATEMENT
Title Encryption:Protecting your data
260 ## - PUBLICATION, DISTRIBUTION, ETC.
Name of publisher, distributor, etc. Vikas Publishing House
Place of publication, distribution, etc. Mumbai
Date of publication, distribution, etc. 2007
366 ## - TRADE AVAILABILITY INFORMATION
Publishers's discount category 20
300 ## - PHYSICAL DESCRIPTION
Extent 284
546 ## - LANGUAGE NOTE
Language note ENGLISH
650 ## - SUBJECT ADDED ENTRY--TOPICAL TERM
Topical term or geographic name entry element Data security
654 ## - SUBJECT ADDED ENTRY--FACETED TOPICAL TERMS
Focus term encryption
942 ## - ADDED ENTRY ELEMENTS (KOHA)
Koha item type BOOK
Holdings
Withdrawn status Lost status Damaged status Not for loan Collection Home library Current library Date acquired Source of acquisition Cost, normal purchase price Inventory number Total Checkouts Full call number Barcode Date last seen Cost, replacement price Price effective from Koha item type
        CRC Fr. Agnel's C.Rodrigues College of Engineering Fr. Agnel's C.Rodrigues College of Engineering 17/03/2023 Professional Book House. 225.00 561 dt 25/03/2008   005.82/FAD FAD 18562 17/03/2023 245.00   BOOK